| 000 | 00429nam a2200133Ia 4500 | ||
|---|---|---|---|
| 003 | GCL | ||
| 008 | 140319s9999 xx 000 0 ara d | ||
| 040 |
_aGCL / _cGCL |
||
| 082 | 0 | 4 |
_a811.1 _bف م |
| 100 | 1 | _aفؤاد افرام البستانى | |
| 245 | 1 | 0 |
_aالمهلهل: منتخبات شعرية مع نبذة فى حرب البسوس / _cفؤاد افرام البستانى |
| 300 | _a183 ص | ||
| 490 |
_aالروائع _v0 |
||
| 999 |
_c47564 _d47564 |
||